000 00639nam a2200241Ia 4500
003 OSt
005 20221005081428.0
006 a|||||r|||| 00| 0
007 ta
008 221004b |||||||| |||| 00| 0 eng d
024 _a48590
037 _cTextual
040 _aCRL
_cCRL
_beng
041 _2eng
_aeng
082 _aO111,3M35,HF:g, N1
100 _aTwain Mark
245 0 _aAdventures of Huckleberry Finn
260 _aNew Delhi
_bRama Brothers India
_c1991
300 _a197p.
_ccm.
650 _aENGLISH LITERATURE
942 _hO111,3M35,HF:g, N1
_cTEXL
_2cc
999 _c987703
_d987703